000 00811cam a2200205 4500
001 ABS65281
008 020402n2002 000 0 eng u
035 _a(Sirsi) u117299
100 _aCooke, E.
245 4 _aThe Land Registration Bill 2001
260 _c2002
490 _aThe Conveyancer
_v(66) January/February 2002, 11-34(13)
520 _aDiscusses the Land Registration Bill 2001 and its ultimate aims to elimate unregistered title to land and to make electronic conveyancing universal and compulsory. Full text of the Bill is available at http://www.parliament.the-stationery-office.co.uk/pa/cm200102/cmbills/048/2002048.htm
590 _aABS
650 _aLAND REGISTRATION BILL 2001
650 _aREGISTRATION OF TITLE
650 _aLAND REGISTRATION
690 _aPROPERTY
942 _n0
999 _c69883
_d69883